Política de drogas en América Latina: obstáculos y próximos pasos /

Zapisane w:
Opis bibliograficzny
1. autor: Barra, Aram
Format: Texto
Etykiety: Dodaj etykietę
Nie ma etykietki, Dołącz pierwszą etykiete!

MARC

LEADER 00000 a a2200000 04500
001 48757
003
040
100 |a Barra, Aram  
245 |a Política de drogas en América Latina:   |b obstáculos y próximos pasos /  |c Aram Barra  
773 |a número255, (2015), páginas 81-93  
999 |c 32414  |d 32414